Zgadnij klub piłkarski po podpowiedziach - Statystyki

Ogólne statystyki
  • Ten quiz został rozwiązany 32 razy
  • Średni wynik to 8 z 15
Statystyki odpowiedzi
Hint Odpowiedź % Poprawnych
Klub z Polski przydomek Kolejorz Lech Poznań
97%
Ten klub ma 7 lig mistrzów i jest z Włoch AC Milan
90%
Ten klub gra w 1 lidze Polskiej i ich kibice kojarzą się z maczetami Wisła Kraków
86%
Klub, który był najlepszy w Angli przez długie lataa teraz jest średniakiem ligi. Grał tam Cristiano Ronaldo ManchesterUnited
79%
Hymn tego klubu nazywa się "You'll Never Walk Alone" Liverpool FC
76%
15 lig mistrzów Real Madryt
76%
Karol Nawrocki był kibolem tego klubu Lechia Gdańsk
72%
W tym klubie trenerem jest Adrian Siemieniec igra tutaj Oskar Pietuszewski JagielloniaBiałystok
66%
Ten klub był sensacją w sezonie 23/24 a w następnym sezonie spadł z ligi Śląsk Wrocław
48%
Klub z Giblataru który wygrał z Lechem Poznań Lincoln
45%
Turecki Klub w którym gra Victor Osimhen Galatasaray SK
38%
Śląski klub, który ma zgode z GKS-em Katowice Górnik Zabrze
34%
Klub Ekstraklasy z wioski Bruk-Bet Termalica Nieciecza
24%
Klub z Rumuni, który wygrał Lige Mistrzów FC FCSB
3%
Serbski klub, którego nie lubi cała Serbia Novi Pazar
0%
Nie znaleziono quizów pasujących do podanych kryteriów
Rozkład punktacji
Procent ludzi z każdym wynikiem
Percentyl według liczby udzielonych odpowiedzi
Twoja historia wyników
Nie rozwiązałeś tego quizu